| 000 | 00606nam a2200181 u 4500 | ||
|---|---|---|---|
| 001 | 000380698 | ||
| 003 | AM-YeHGA | ||
| 005 | 20250617132121.0 | ||
| 008 | 041111s1983 ||| r 000 0 rus d | ||
| 040 | _aAM-YeHGA | ||
| 041 | 0 | _arus | |
| 100 | 1 | _aМилявский, Анатолий Исаевич | |
| 245 | 1 | 0 |
_aСтихи / _cАнатолий Милявский. |
| 260 |
_aКиев : _bДнiпро, _c1983. |
||
| 300 |
_a125 с. _bпортр. |
||
| 505 | 0 | _aЦиклы: Полуостров; Испытание; Рассветы в пути; Лирическая тетрадь | |
| 090 | _c146813 | ||
| 999 |
_c145428 _d145428 |
||